[Event "Oberliga Ost B 2018 2019"]
[Site "?"]
[Date "2019.02.03"]
[Round "7.3"]
[White "Gering, Samuel"]
[Black "Di Capua, Francesco Stefano"]
[Result "1/2-1/2"]
[WhiteElo "2068"]
[BlackElo "1930"]
[PlyCount "97"]
[EventDate "2018.10.21"]
[EventType "team-tourn"]
[EventCountry "GER"]
[WhiteTeam "Naumburger SV"]
[BlackTeam "Gernsheim SK"]
[WhiteTeamCountry "GER"]
[BlackTeamCountry "GER"]

1. g3 Nf6 2. Bg2 d5 3. d3 c6 4. Nd2 Bf5 5. e4 dxe4 6. Nxe4 Nxe4 7. dxe4 Qxd1+
8. Kxd1 Bg6 9. Be3 Na6 10. c3 e5 11. f3 O-O-O+ 12. Kc2 Kc7 13. Nh3 Bc5 14. Bxc5
Nxc5 15. Rad1 f5 16. Nf2 fxe4 17. Nxe4 Rdf8 18. Rhf1 Rf7 19. Kc1 Nxe4 20. fxe4
Rhf8 21. Rxf7+ Rxf7 22. Rd2 Kb6 23. Kc2 a5 24. b3 Kc5 25. Kd3 Rd7+ 26. Ke3 Rxd2
27. Kxd2 b5 28. Bf3 b4 29. Kd3 Bf7 30. c4 a4 31. Be2 a3 32. Ke3 h5 33. h4 g6
34. Bf1 Be6 35. Be2 Bd7 36. Kd3 Bc8 37. Ke3 Be6 38. Bd3 Bg4 39. Be2 Kd6 40. Kd2
Kc5 41. Ke3 Be6 42. Bd3 Bh3 43. Be2 Kb6 44. Kd2 Be6 45. Kd3 Kc5 46. Ke3 Bg8 47.
Bd3 Be6 48. Be2 Bh3 49. Kd3 1/2-1/2

[Event "Oberliga Ost B 2018 2019"]
[Site "?"]
[Date "2019.02.03"]
[Round "7.4"]
[White "Nies, Peter"]
[Black "Fritsch, Andreas"]
[Result "1/2-1/2"]
[WhiteElo "2068"]
[BlackElo "2044"]
[PlyCount "51"]
[EventDate "2018.10.21"]
[EventType "team-tourn"]
[EventCountry "GER"]
[WhiteTeam "Gernsheim SK"]
[BlackTeam "Naumburger SV"]
[WhiteTeamCountry "GER"]
[BlackTeamCountry "GER"]

1. e4 Nc6 2. d4 e5 3. Nf3 exd4 4. Nxd4 Nf6 5. Nc3 Bb4 6. Nxc6 bxc6 7. Bd3 d5 8.
exd5 cxd5 9. O-O O-O 10. h3 Be6 11. Qf3 Qd7 12. Ne2 Be7 13. Re1 Rab8 14. b3 c5
15. Nf4 Bd6 16. Bb2 Bxf4 17. Qxf4 d4 18. Ba3 Rbc8 19. Rad1 Rfe8 20. Bb2 Qb7 21.
Bf1 Qb6 22. Qd2 Nd5 23. c3 Nxc3 24. Bxc3 dxc3 25. Qxc3 Qb4 26. Rc1 1/2-1/2

[Event "Oberliga Ost B 2018 2019"]
[Site "?"]
[Date "2019.02.03"]
[Round "7.5"]
[White "Haertig, Jens"]
[Black "Mazurek, Robert"]
[Result "1-0"]
[WhiteElo "2130"]
[BlackElo "2193"]
[PlyCount "77"]
[EventDate "2018.10.21"]
[EventType "team-tourn"]
[EventCountry "GER"]
[WhiteTeam "Naumburger SV"]
[BlackTeam "Gernsheim SK"]
[WhiteTeamCountry "GER"]
[BlackTeamCountry "GER"]

1. Nf3 d5 2. d4 Nf6 3. c4 c6 4. Nc3 dxc4 5. a4 Bg4 6. Ne5 Nbd7 7. Nxg4 Nxg4 8.
e4 e5 9. d5 Ngf6 10. dxc6 bxc6 11. Bxc4 Bc5 12. O-O O-O 13. Qe2 Qa5 14. Bd2 Bb4
15. Rfc1 Rfd8 16. f3 Rab8 17. Kh1 Nc5 18. Be3 Rb7 19. Na2 Ncd7 20. Nxb4 Qxb4
21. b3 a5 22. Rd1 Ra8 23. Qf2 Qe7 24. Rac1 Ne8 25. Qd2 h6 26. g3 Qf6 27. Kg2
Nb6 28. Be2 Nc8 29. Qd8 Qe6 30. Bc4 Qe7 31. Bc5 Qxc5 32. Bxf7+ Kxf7 33. Rxc5
Nb6 34. Qd3 Nf6 35. Qc3 Nbd7 36. Rxc6 Rab8 37. Rc7 Ke8 38. Rxb7 Rxb7 39. Qc8+
1-0

[Event "Oberliga Ost B 2018 2019"]
[Site "?"]
[Date "2019.02.03"]
[Round "7.6"]
[White "Rolf, Marco"]
[Black "Will, Matthias"]
[Result "1/2-1/2"]
[WhiteElo "2049"]
[BlackElo "2002"]
[PlyCount "52"]
[EventDate "2018.10.21"]
[EventType "team-tourn"]
[EventCountry "GER"]
[WhiteTeam "Gernsheim SK"]
[BlackTeam "Naumburger SV"]
[WhiteTeamCountry "GER"]
[BlackTeamCountry "GER"]

1. d4 f5 2. Nc3 Nf6 3. Bg5 d5 4. Bxf6 exf6 5. e3 Be6 6. Bd3 Nc6 7. Qf3 Qd7 8.
Nge2 Ne7 9. Nf4 Bf7 10. Bb5 c6 11. Be2 Nc8 12. Nd3 b6 13. a4 a5 14. h4 h5 15.
g3 Nd6 16. Nf4 Ne4 17. Nxe4 fxe4 18. Qg2 f5 19. f3 O-O-O 20. fxe4 dxe4 21. c4
Bb4+ 22. Kf2 g6 23. Rhd1 Qe7 24. Nh3 Rhe8 25. Rac1 c5 26. d5 Qe5 1/2-1/2

[Event "Oberliga Ost B 2018 2019"]
[Site "?"]
[Date "2019.02.03"]
[Round "7.7"]
[White "Roessler, Bernd"]
[Black "Mao, Kevin"]
[Result "1-0"]
[WhiteElo "2075"]
[BlackElo "2031"]
[PlyCount "119"]
[EventDate "2018.10.21"]
[EventType "team-tourn"]
[EventCountry "GER"]
[WhiteTeam "Naumburger SV"]
[BlackTeam "Gernsheim SK"]
[WhiteTeamCountry "GER"]
[BlackTeamCountry "GER"]

1. d4 Nf6 2. Nf3 d5 3. Bf4 c5 4. e3 Qb6 5. Qc1 Nc6 6. c3 Bf5 7. Ne5 Rc8 8. Nxc6
Rxc6 9. Nd2 Nh5 10. Be5 f6 11. dxc5 Qd8 12. Bg3 Rxc5 13. Nb3 Nxg3 14. hxg3 Rc8
15. Qd1 a6 16. Bd3 Bxd3 17. Qxd3 g6 18. O-O-O e6 19. e4 d4 20. Qxd4 Qxd4 21.
Rxd4 Rd8 22. Rhd1 Rxd4 23. Rxd4 h5 24. Rd3 Rh7 25. Kd2 e5 26. Ke2 Rd7 27. Rxd7
Kxd7 28. Kd3 b6 29. f3 Ke6 30. g4 hxg4 31. fxg4 Kd6 32. Nd2 b5 33. Nf3 g5 34.
b4 Kc6 35. Ne1 Be7 36. Nc2 Bd8 37. Ne3 Kd6 38. Nd5 Kc6 39. c4 Kd6 40. Kc3 Kd7
41. Kb3 Kd6 42. cxb5 axb5 43. a4 Kc6 44. axb5+ Kxb5 45. Nc3+ Kc6 46. Kc4 Bb6
47. Nd5 Bf2 48. Nxf6 Be1 49. b5+ Kd6 50. b6 Kc6 51. b7 Kxb7 52. Kd5 Bc3 53. Nd7
Kc7 54. Nxe5 Bd2 55. Ke6 Kd8 56. Kf7 Bc1 57. Nf3 Be3 58. e5 Bf4 59. e6 Bd6 60.
Nxg5 1-0

[Event "Oberliga Ost B 2018 2019"]
[Site "?"]
[Date "2019.02.03"]
[Round "7.8"]
[White "Will, Jens"]
[Black "Schlag, Andreas"]
[Result "1-0"]
[WhiteElo "2073"]
[BlackElo "2115"]
[PlyCount "79"]
[EventDate "2018.10.21"]
[EventType "team-tourn"]
[EventCountry "GER"]
[WhiteTeam "Gernsheim SK"]
[BlackTeam "Naumburger SV"]
[WhiteTeamCountry "GER"]
[BlackTeamCountry "GER"]

1. d4 d5 2. Nf3 Nf6 3. g3 g6 4. Bg2 Bg7 5. O-O O-O 6. Re1 c6 7. c4 dxc4 8. a4
b6 9. Ne5 Bb7 10. Na3 Nfd7 11. Nexc4 Na6 12. Bf4 Nb4 13. e4 h6 14. Qd2 g5 15.
Be3 c5 16. d5 Nf6 17. f3 Qd7 18. a5 b5 19. Bxc5 bxc4 20. Bxb4 Rfc8 21. Nc2 Ba6
22. Bc3 Rab8 23. Rad1 Bf8 24. Nd4 Qc7 25. Nc6 Rb5 26. Qd4 Rb7 27. Bh3 Re8 28.
e5 Nh5 29. Bg4 Ng7 30. e6 f6 31. Qe4 Bb5 32. Nd4 Ba4 33. Rd2 Rd8 34. Kh1 Be8
35. f4 h5 36. Bd1 f5 37. Nxf5 Nxf5 38. Qxf5 Rxd5 39. Rxd5 Bc6 40. Qxg5+ 1-0

[Event "Oberliga Ost B 2018 2019"]
[Site "?"]
[Date "2019.02.03"]
[Round "7.1"]
[White "Strache, Michael"]
[Black "Nothnagel, Holger"]
[Result "1-0"]
[WhiteElo "2267"]
[BlackElo "2306"]
[PlyCount "87"]
[EventDate "2018.10.21"]
[EventType "team-tourn"]
[EventCountry "GER"]
[WhiteTeam "Sangerhausen SV"]
[BlackTeam "Griesheim SV II"]
[WhiteTeamCountry "GER"]
[BlackTeamCountry "GER"]

1. c4 g6 2. Nc3 Bg7 3. g3 c5 4. Bg2 Nf6 5. Nf3 O-O 6. O-O Nc6 7. d4 cxd4 8.
Nxd4 Nxd4 9. Qxd4 d6 10. Qd3 a6 11. Be3 Ng4 12. Bd4 Ne5 13. Qd1 Rb8 14. c5 dxc5
15. Bxc5 Qc7 16. Ba3 Be6 17. Rc1 Rfd8 18. Nd5 Qa5 19. Rc5 b5 20. Qc1 Bxd5 21.
Bxd5 e6 22. b4 Qb6 23. Bb3 h5 24. Bb2 Nd7 25. Bxg7 Kxg7 26. Qc3+ Nf6 27. Rc1
Rb7 28. h3 Rbd7 29. Rc6 Qb7 30. Qe5 Rd4 31. Rxe6 fxe6 32. Rc7+ Qxc7 33. Qxc7+
R8d7 34. Qc8 R4d6 35. Qc3 Kf7 36. Qe5 Rc6 37. Qf4 Rcd6 38. f3 Rd4 39. Qe5 R4d6
40. g4 hxg4 41. hxg4 Rc6 42. Kf2 Rd8 43. g5 Nh5 44. Qe4 1-0

[Event "Oberliga Ost B 2018 2019"]
[Site "?"]
[Date "2019.02.03"]
[Round "7.2"]
[White "De Visser, Leon"]
[Black "Engelmann, Jakob"]
[Result "1/2-1/2"]
[WhiteElo "2234"]
[BlackElo "2264"]
[PlyCount "44"]
[EventDate "2018.10.21"]
[EventType "team-tourn"]
[EventCountry "GER"]
[WhiteTeam "Griesheim SV II"]
[BlackTeam "Sangerhausen SV"]
[WhiteTeamCountry "GER"]
[BlackTeamCountry "GER"]

1. e4 c6 2. d4 d5 3. exd5 cxd5 4. Bf4 Bf5 5. c3 Nf6 6. Qb3 Qc8 7. Nf3 e6 8.
Bxb8 Qxb8 9. Bb5+ Kd8 10. Ne5 Bg6 11. Nd2 Bd6 12. Ndf3 Ke7 13. Bc6 Qc7 14. Qxb7
Rab8 15. Qxc7+ Bxc7 16. b4 Ne4 17. Rc1 f6 18. Nxg6+ hxg6 19. O-O Nd2 20. Nxd2
Bxh2+ 21. Kh1 Bf4+ 22. Kg1 Bh2+ 1/2-1/2

[Event "Oberliga Ost B 2018 2019"]
[Site "?"]
[Date "2019.02.03"]
[Round "7.3"]
[White "Heyder, Florian"]
[Black "Flach, Erich"]
[Result "1/2-1/2"]
[WhiteElo "2219"]
[BlackElo "2094"]
[PlyCount "86"]
[EventDate "2018.10.21"]
[EventType "team-tourn"]
[EventCountry "GER"]
[WhiteTeam "Sangerhausen SV"]
[BlackTeam "Griesheim SV II"]
[WhiteTeamCountry "GER"]
[BlackTeamCountry "GER"]

1. e4 c5 2. Nf3 d6 3. Bb5+ Nd7 4. c3 Ngf6 5. Qe2 a6 6. Ba4 e6 7. O-O b5 8. Bc2
Bb7 9. d3 Be7 10. Rd1 O-O 11. Nbd2 Qc7 12. Nf1 Rac8 13. h3 Rfe8 14. Ng3 Ne5 15.
Nh2 Ng6 16. f4 e5 17. f5 Nf4 18. Qf3 d5 19. Ng4 dxe4 20. dxe4 c4 21. Rf1 Nxg4
22. Qxg4 Nd3 23. Bxd3 cxd3 24. Kh2 Bf8 25. Bg5 Qb6 26. Rad1 f6 27. Bh4 Red8 28.
Qf3 b4 29. Rxd3 bxc3 30. Rxc3 Rxc3 31. Qxc3 Rc8 32. Qd3 Qb5 33. Qf3 Qxb2 34.
Nh5 Qb6 35. Bf2 Qc6 36. Ng3 Rd8 37. Rb1 Ba8 38. Qb3+ Kh8 39. Qf7 Qc2 40. Bb6
Rc8 41. Re1 Qc6 42. Be3 Qc7 43. Qh5 Bc6 1/2-1/2

[Event "Oberliga Ost B 2018 2019"]
[Site "?"]
[Date "2019.02.03"]
[Round "7.5"]
[White "Hellwig, Tobias"]
[Black "Diaz, Joaquin"]
[Result "1-0"]
[WhiteElo "2207"]
[BlackElo "2149"]
[PlyCount "75"]
[EventDate "2018.10.21"]
[EventType "team-tourn"]
[EventCountry "GER"]
[WhiteTeam "Sangerhausen SV"]
[BlackTeam "Griesheim SV II"]
[WhiteTeamCountry "GER"]
[BlackTeamCountry "GER"]

1. d4 d5 2. c4 c6 3. Nc3 Nf6 4. Nf3 e6 5. e3 Nbd7 6. Bd3 dxc4 7. Bxc4 b5 8. Bd3
g6 9. O-O Bb7 10. a4 b4 11. Ne4 c5 12. Ned2 cxd4 13. exd4 Qa5 14. Nc4 Qh5 15.
Nfe5 Qh4 16. Be2 Nxe5 17. dxe5 Rd8 18. Qb3 Nd5 19. Na5 Ba8 20. Ba6 Bc5 21. Bb5+
Kf8 22. Qc4 Qxc4 23. Nxc4 f6 24. Re1 Kf7 25. Be3 Nxe3 26. fxe3 f5 27. Rac1 g5
28. Kf1 Be4 29. Kf2 Bd5 30. Na5 Bb6 31. Nc6 Bxc6 32. Rxc6 Rb8 33. Kf3 Rhc8 34.
Rec1 Rxc6 35. Rxc6 g4+ 36. Ke2 Bd8 37. Bc4 Kg6 38. Bxe6 1-0

[Event "Oberliga Ost B 2018 2019"]
[Site "?"]
[Date "2019.02.03"]
[Round "7.6"]
[White "Nothnagel, Markus"]
[Black "Richter, Dustin"]
[Result "1/2-1/2"]
[WhiteElo "2231"]
[BlackElo "2158"]
[PlyCount "21"]
[EventDate "2018.10.21"]
[EventType "team-tourn"]
[EventCountry "GER"]
[WhiteTeam "Griesheim SV II"]
[BlackTeam "Sangerhausen SV"]
[WhiteTeamCountry "GER"]
[BlackTeamCountry "GER"]

1. b3 e5 2. Bb2 d6 3. g3 g6 4. d4 Nd7 5. Bg2 Bg7 6. e4 Ne7 7. Ne2 O-O 8. Nbc3
Nc6 9. d5 Ne7 10. Qd2 f5 11. f3 1/2-1/2

[Event "Oberliga Ost B 2018 2019"]
[Site "?"]
[Date "2019.02.03"]
[Round "7.7"]
[White "Buerckner, Georg"]
[Black "Hahn, Werner"]
[Result "1/2-1/2"]
[WhiteElo "2025"]
[BlackElo "2170"]
[PlyCount "69"]
[EventDate "2018.10.21"]
[EventType "team-tourn"]
[EventCountry "GER"]
[WhiteTeam "Sangerhausen SV"]
[BlackTeam "Griesheim SV II"]
[WhiteTeamCountry "GER"]
[BlackTeamCountry "GER"]

1. e4 c5 2. c3 Nf6 3. e5 Nd5 4. d4 cxd4 5. cxd4 d6 6. Nf3 Nc6 7. Be2 Bg4 8. O-O
e6 9. exd6 Bxd6 10. Nc3 Nxc3 11. bxc3 O-O 12. Be3 Rc8 13. c4 Bb8 14. Rc1 Qc7
15. g3 Rfd8 16. Qb3 Bxf3 17. Bxf3 Nxd4 18. Bxd4 Rxd4 19. Bxb7 Rcd8 20. Bg2 h5
21. Rfd1 h4 22. Rxd4 Rxd4 23. Rb1 Rd8 24. Rd1 Rxd1+ 25. Qxd1 hxg3 26. hxg3 a5
27. c5 Qxc5 28. Qd8+ Qf8 29. Qxa5 Qd6 30. a4 Qd1+ 31. Kh2 Bd6 32. Qd8+ Kh7 33.
Qh4+ Kg8 34. Qd8+ Kh7 35. Qh4+ 1/2-1/2

[Event "Oberliga Ost B 2018 2019"]
[Site "?"]
[Date "2019.02.03"]
[Round "7.1"]
[White "Henrich, Thomas"]
[Black "Lubbe, Nikolas"]
[Result "0-1"]
[WhiteElo "2211"]
[BlackElo "2456"]
[PlyCount "72"]
[EventDate "2018.10.21"]
[EventType "team-tourn"]
[EventCountry "GER"]
[WhiteTeam "Marburg SK"]
[BlackTeam "Neuberg SF"]
[WhiteTeamCountry "GER"]
[BlackTeamCountry "GER"]

1. e4 c5 2. Nf3 Nc6 3. d4 cxd4 4. Nxd4 Nf6 5. Nc3 d6 6. Bg5 Qb6 7. Nb3 e6 8.
Qd2 Be7 9. O-O-O O-O 10. f3 Rd8 11. Be3 Qc7 12. Qf2 Nd7 13. Nb5 Qb8 14. Qg3 Nf6
15. c4 a6 16. N5d4 e5 17. Nf5 Bxf5 18. exf5 b5 19. Kb1 bxc4 20. Bxc4 Nb4 21.
Bh6 Bf8 22. Bg5 Qc8 23. a3 Qxf5+ 24. Ka1 Rdc8 25. Na5 Nc2+ 26. Ka2 Rc5 27. Bxf6
Rxa5 28. Rxd6 Nxa3 29. Bd3 Nc2+ 30. Kb1 Ra1+ 31. Kxc2 Qc8+ 32. Kd2 Rxh1 33. Bc2
Qc5 34. Rd3 Rc8 35. Bb3 Qc1+ 36. Ke2 Qxb2+ 0-1

[Event "Oberliga Ost B 2018 2019"]
[Site "?"]
[Date "2019.02.03"]
[Round "7.2"]
[White "Lubbe, Melanie"]
[Black "Dorst, Johannes"]
[Result "1/2-1/2"]
[WhiteElo "2342"]
[BlackElo "2221"]
[PlyCount "166"]
[EventDate "2018.10.21"]
[EventType "team-tourn"]
[EventCountry "GER"]
[WhiteTeam "Neuberg SF"]
[BlackTeam "Marburg SK"]
[WhiteTeamCountry "GER"]
[BlackTeamCountry "GER"]

1. e4 c5 2. Nf3 d6 3. d4 cxd4 4. Qxd4 Nc6 5. Bb5 Bd7 6. Qd3 a6 7. Bxc6 Bxc6 8.
c4 Nf6 9. Nc3 e6 10. O-O Be7 11. Rd1 O-O 12. Bf4 Qb6 13. Qe2 Rfd8 14. Rd2 Rac8
15. Rc1 Be8 16. b3 Qa5 17. Rdc2 h6 18. h3 Bf8 19. Bd2 Qh5 20. Be3 Bc6 21. Bd4
Qg6 22. Nh4 Qh5 23. Qxh5 Nxh5 24. g3 Be7 25. Ng2 Nf6 26. f3 Nd7 27. Kf2 Nc5 28.
Ke2 Bg5 29. Rd1 b5 30. b4 Nd7 31. Be3 Be7 32. Bf4 e5 33. Bc1 bxc4 34. Ne3 Kf8
35. Nf5 Nb6 36. Be3 Rb8 37. a3 h5 38. Rcd2 Na4 39. Nxa4 Bxa4 40. Rc1 Bb3 41. g4
h4 42. Rc3 Rb5 43. Bf2 g6 44. Nxe7 Kxe7 45. Bxh4+ f6 46. g5 Rh8 47. gxf6+ Ke6
48. f7 Kxf7 49. Bg5 Ke6 50. h4 a5 51. f4 axb4 52. axb4 Rxb4 53. f5+ gxf5 54.
exf5+ Kd7 55. f6 Ke6 56. f7 e4 57. Ke3 Rf8 58. Kxe4 Rxf7 59. Kd4 Rb5 60. Re3+
Kd7 61. Kc3 Rbf5 62. Rde2 Kc6 63. Re7 Rf8 64. Re8 Rf3+ 65. R2e3 Rxe8 66. Rxf3
Re2 67. Kd4 Rg2 68. Re3 Rg4+ 69. Re4 Rg1 70. Re2 Bd1 71. Rf2 Bb3 72. Re2 Rg3
73. Re3 Rg2 74. Re8 Rh2 75. Rc8+ Kd7 76. Rd8+ Kc7 77. Rxd6 Rh3 78. Kc5 c3 79.
Rc6+ Kd7 80. Rd6+ Ke8 81. Kb4 c2 82. Rc6 Kd7 83. Rc3 Rxc3 1/2-1/2

[Event "Oberliga Ost B 2018 2019"]
[Site "?"]
[Date "2019.02.03"]
[Round "7.3"]
[White "Alber, Horst"]
[Black "Kuenstler, Christian"]
[Result "1/2-1/2"]
[WhiteElo "2285"]
[BlackElo "2285"]
[PlyCount "56"]
[EventDate "2018.10.21"]
[EventType "team-tourn"]
[EventCountry "GER"]
[WhiteTeam "Marburg SK"]
[BlackTeam "Neuberg SF"]
[WhiteTeamCountry "GER"]
[BlackTeamCountry "GER"]

1. d4 Nf6 2. c4 g6 3. Nc3 d5 4. cxd5 Nxd5 5. Bd2 Bg7 6. Nf3 O-O 7. Rc1 Nb6 8.
Bg5 Bg4 9. e3 N8d7 10. Be2 c5 11. dxc5 Nxc5 12. Qxd8 Rfxd8 13. Bxe7 Nd3+ 14.
Bxd3 Rxd3 15. Ke2 Rd7 16. Bh4 Rc8 17. Rhd1 Rxd1 18. Rxd1 Bxc3 19. bxc3 Na4 20.
Rd4 Nxc3+ 21. Kd2 Be6 22. a4 h6 23. Bf6 Nd5 24. Be5 f6 25. Bg3 Kf7 26. e4 Nb6
27. Ne1 Nc4+ 28. Ke2 Nb6 1/2-1/2

[Event "Oberliga Ost B 2018 2019"]
[Site "?"]
[Date "2019.02.03"]
[Round "7.4"]
[White "Wahedi, Ahmad Siar"]
[Black "Rolle, Eric"]
[Result "1/2-1/2"]
[WhiteElo "2306"]
[BlackElo "2196"]
[PlyCount "56"]
[EventDate "2018.10.21"]
[EventType "team-tourn"]
[EventCountry "GER"]
[WhiteTeam "Neuberg SF"]
[BlackTeam "Marburg SK"]
[WhiteTeamCountry "GER"]
[BlackTeamCountry "GER"]

1. d4 d5 2. Nf3 Nf6 3. c4 dxc4 4. e3 e6 5. Bxc4 a6 6. O-O c5 7. a4 Nc6 8. Nc3
Be7 9. Ne5 cxd4 10. Nxc6 bxc6 11. exd4 Rb8 12. Qd3 c5 13. Bxa6 Bxa6 14. Qxa6
cxd4 15. Rd1 O-O 16. Qe2 Rb4 17. Nb5 Qd5 18. Bf4 Rd8 19. Rd3 Qf5 20. Be5 Rxb2
21. Qxb2 Qxd3 22. Bxd4 e5 23. Bc3 Ne4 24. Ba5 Bc5 25. Bxd8 Nxf2 26. Qc1 Nh3+
27. Kh1 Nf2+ 28. Kg1 Nh3+ 1/2-1/2

[Event "Oberliga Ost B 2018 2019"]
[Site "?"]
[Date "2019.02.03"]
[Round "7.5"]
[White "Duncker, Joachim"]
[Black "Lutz, Klaus Juergen"]
[Result "1/2-1/2"]
[WhiteElo "2178"]
[BlackElo "2200"]
[PlyCount "34"]
[EventDate "2018.10.21"]
[EventType "team-tourn"]
[EventCountry "GER"]
[WhiteTeam "Marburg SK"]
[BlackTeam "Neuberg SF"]
[WhiteTeamCountry "GER"]
[BlackTeamCountry "GER"]

1. e4 e5 2. Nf3 Nc6 3. Nc3 Nf6 4. d4 exd4 5. Nxd4 Bb4 6. Nxc6 bxc6 7. Bd3 d5 8.
exd5 cxd5 9. O-O O-O 10. h3 Re8 11. Qf3 c6 12. Bf4 Qe7 13. a3 Bc5 14. Na4 Bd6
15. Bxd6 Qxd6 16. Rfe1 Be6 17. Rad1 c5 1/2-1/2

[Event "Oberliga Ost B 2018 2019"]
[Site "?"]
[Date "2019.02.03"]
[Round "7.6"]
[White "Overbeck, Thorsten"]
[Black "Neidhardt, Helge"]
[Result "1/2-1/2"]
[WhiteElo "2303"]
[BlackElo "2064"]
[PlyCount "66"]
[EventDate "2018.10.21"]
[EventType "team-tourn"]
[EventCountry "GER"]
[WhiteTeam "Neuberg SF"]
[BlackTeam "Marburg SK"]
[WhiteTeamCountry "GER"]
[BlackTeamCountry "GER"]

1. d4 Nf6 2. c4 e6 3. Nf3 b6 4. g3 Ba6 5. b3 Bb4+ 6. Bd2 Bxd2+ 7. Qxd2 O-O 8.
Bg2 d5 9. O-O Nbd7 10. Nc3 Rc8 11. cxd5 exd5 12. Nh4 Bb7 13. Nf5 Ne4 14. Nxe4
dxe4 15. Rfd1 g6 16. Ne3 Qe7 17. d5 Nf6 18. d6 cxd6 19. Qxd6 Qxd6 20. Rxd6 Kg7
21. Rad1 Rc5 22. g4 h6 23. h4 Rfc8 24. Kh2 R8c7 25. R6d4 Ba6 26. R1d2 Re5 27.
Kg3 Rce7 28. Kf4 Kf8 29. Rc2 Bb5 30. a4 Ba6 31. b4 Bb7 32. Rd6 Nd5+ 33. Nxd5
Bxd5 1/2-1/2

[Event "Oberliga Ost B 2018 2019"]
[Site "?"]
[Date "2019.02.03"]
[Round "7.7"]
[White "Nekhamkis, Genadi"]
[Black "Koller, Jens"]
[Result "1-0"]
[WhiteElo "2115"]
[BlackElo "2166"]
[PlyCount "95"]
[EventDate "2018.10.21"]
[EventType "team-tourn"]
[EventCountry "GER"]
[WhiteTeam "Marburg SK"]
[BlackTeam "Neuberg SF"]
[WhiteTeamCountry "GER"]
[BlackTeamCountry "GER"]

1. e4 c5 2. d4 cxd4 3. c3 Nf6 4. e5 Nd5 5. Bc4 Nb6 6. Bb3 d6 7. Nf3 e6 8. cxd4
Be7 9. O-O O-O 10. Qe2 Bd7 11. Nc3 Bc6 12. Rd1 N8d7 13. Ne4 Bxe4 14. Qxe4 d5
15. Qg4 Re8 16. Bc2 Rc8 17. Bd3 Nf8 18. h4 f5 19. Qg3 a6 20. Bh6 g6 21. h5 Nbd7
22. Kh2 Qb6 23. Rab1 Rc6 24. Rh1 Rec8 25. Kg1 Qd8 26. Be3 Qe8 27. Ng5 Bxg5 28.
Bxg5 Qf7 29. Be2 Rc2 30. Bd3 R2c7 31. Rh4 Nb6 32. Be2 Rc2 33. Bd1 R2c4 34. hxg6
Qxg6 35. Rh6 Qg7 36. Qh4 Ng6 37. Qh3 Rxd4 38. Bf6 Qf7 39. Bh5 Rg4 40. Bxg4 fxg4
41. Qxg4 Nd7 42. Qg5 Rc2 43. Rh3 Nc5 44. Rc1 Ne4 45. Rxc2 Nxg5 46. Rc8+ Nf8 47.
Bxg5 Qd7 48. Rd8 1-0

[Event "Oberliga Ost B 2018 2019"]
[Site "?"]
[Date "2019.02.03"]
[Round "7.8"]
[White "Schaffer, Hendrik"]
[Black "Foermes, Alexander"]
[Result "1-0"]
[WhiteElo "2272"]
[BlackElo "2060"]
[PlyCount "71"]
[EventDate "2018.10.21"]
[EventType "team-tourn"]
[EventCountry "GER"]
[WhiteTeam "Neuberg SF"]
[BlackTeam "Marburg SK"]
[WhiteTeamCountry "GER"]
[BlackTeamCountry "GER"]

1. d4 Nf6 2. Nf3 d5 3. c4 e6 4. Nc3 dxc4 5. e3 a6 6. a4 b6 7. Bxc4 Bb7 8. O-O
Be7 9. Qe2 O-O 10. Rd1 Re8 11. e4 Bb4 12. Bd3 h6 13. Bf4 Nbd7 14. Rac1 Be7 15.
Bb1 Rc8 16. Qc2 Nf8 17. h3 c6 18. Qb3 N8d7 19. Be3 c5 20. d5 e5 21. Ne2 Bf8 22.
Ng3 g6 23. Nd2 Rb8 24. f4 exf4 25. Bxf4 Ne5 26. Rf1 Nfd7 27. Nc4 Ba8 28. Nf5
Kh7 29. Nxe5 Nxe5 30. Qc3 gxf5 31. Bxe5 Rb7 32. Rxf5 Rxe5 33. Qxe5 Bg7 34. Qf4
Bd4+ 35. Kh1 Re7 36. Rxf7+ 1-0

[Event "Oberliga Ost B 2018 2019"]
[Site "?"]
[Date "2019.02.03"]
[Round "7.1"]
[White "Chojnacki, Krzysztof"]
[Black "Kuznecovs, Nikita"]
[Result "1/2-1/2"]
[WhiteElo "2373"]
[BlackElo "2262"]
[PlyCount "78"]
[EventDate "2018.10.21"]
[EventType "team-tourn"]
[EventCountry "GER"]
[WhiteTeam "Wiesbadener SV"]
[BlackTeam "Stadtilm SG BW"]
[WhiteTeamCountry "GER"]
[BlackTeamCountry "GER"]

1. e4 e6 2. d4 d5 3. Nd2 Be7 4. Ngf3 Nf6 5. e5 Nfd7 6. Bd3 b6 7. O-O Ba6 8. Ne1
Bxd3 9. Nxd3 c5 10. c3 Nc6 11. Qg4 g6 12. Nf3 h5 13. Qg3 c4 14. Nde1 h4 15. Qg4
Rh5 16. h3 b5 17. Nc2 a5 18. Bd2 b4 19. Rfc1 Rb8 20. b3 bxc3 21. Bxc3 cxb3 22.
axb3 Rxb3 23. Ne3 Qa8 24. Bd2 Nb6 25. Nc2 Nc4 26. Bg5 Bxg5 27. Nxg5 Ne7 28. Ne3
Rxe3 29. fxe3 Nxe3 30. Qf3 N7f5 31. Nxf7 Kxf7 32. Rc7+ Ke8 33. Rac1 Rg5 34. Rh7
Qa6 35. Rh8+ Kd7 36. Rh7+ Kd8 37. Rh8+ Kd7 38. Rh7+ Kd8 39. Rh8+ Kd7 1/2-1/2

[Event "Oberliga Ost B 2018 2019"]
[Site "?"]
[Date "2019.02.03"]
[Round "7.3"]
[White "Geske, Julian"]
[Black "Schneider, Christian"]
[Result "1-0"]
[WhiteElo "2378"]
[BlackElo "2192"]
[PlyCount "99"]
[EventDate "2018.10.21"]
[EventType "team-tourn"]
[EventCountry "GER"]
[WhiteTeam "Wiesbadener SV"]
[BlackTeam "Stadtilm SG BW"]
[WhiteTeamCountry "GER"]
[BlackTeamCountry "GER"]

1. e4 c6 2. d4 d5 3. Nd2 dxe4 4. Nxe4 Nd7 5. Ng5 Ngf6 6. Bd3 e6 7. N1f3 Bd6 8.
Qe2 h6 9. Ne4 Nxe4 10. Qxe4 Nf6 11. Qe2 Qc7 12. Bd2 b6 13. Ne5 Bb7 14. f4 O-O-O
15. O-O-O Kb8 16. Rhf1 c5 17. dxc5 Bxc5 18. g3 h5 19. f5 Ka8 20. fxe6 fxe6 21.
Ng6 Rhe8 22. Bb5 Bc6 23. Bf4 Bxb5 24. Qxb5 Qb7 25. Ne5 Nd5 26. Bg5 Be3+ 27.
Bxe3 Nxe3 28. Rxd8+ Rxd8 29. Re1 Qg2 30. Qc6+ Qxc6 31. Nxc6 Rc8 32. Nd4 e5 33.
Rxe3 exd4 34. Rd3 Rf8 35. Rxd4 Rf1+ 36. Rd1 Rf2 37. h4 Kb8 38. Rd7 g6 39. Rd6
g5 40. hxg5 Rf5 41. Rg6 Rf3 42. Rh6 Rxg3 43. Rxh5 Rg2 44. b3 Kb7 45. Rh7+ Ka6
46. Rg7 b5 47. a3 Kb6 48. Rg8 a6 49. g6 Kb7 50. g7 1-0

[Event "Oberliga Ost B 2018 2019"]
[Site "?"]
[Date "2019.02.03"]
[Round "7.5"]
[White "Nehmert, Ulrich"]
[Black "Siebarth, Marco"]
[Result "1/2-1/2"]
[WhiteElo "2242"]
[BlackElo "2017"]
[PlyCount "22"]
[EventDate "2018.10.21"]
[EventType "team-tourn"]
[EventCountry "GER"]
[WhiteTeam "Wiesbadener SV"]
[BlackTeam "Stadtilm SG BW"]
[WhiteTeamCountry "GER"]
[BlackTeamCountry "GER"]

1. d4 d5 2. c4 c6 3. cxd5 cxd5 4. Nf3 Nf6 5. Nc3 e6 6. Bf4 Bd6 7. Bxd6 Qxd6 8.
e3 O-O 9. Bd3 Nc6 10. O-O a6 11. a3 e5 1/2-1/2

[Event "Oberliga Ost B 2018 2019"]
[Site "?"]
[Date "2019.02.03"]
[Round "7.7"]
[White "Kayser, Felix"]
[Black "Neubauer, Andreas"]
[Result "1/2-1/2"]
[WhiteElo "2105"]
[BlackElo "2195"]
[PlyCount "47"]
[EventDate "2018.10.21"]
[EventType "team-tourn"]
[EventCountry "GER"]
[WhiteTeam "Wiesbadener SV"]
[BlackTeam "Stadtilm SG BW"]
[WhiteTeamCountry "GER"]
[BlackTeamCountry "GER"]

1. e4 c5 2. Nc3 Nc6 3. f4 g6 4. Nf3 Bg7 5. g3 e6 6. Bg2 d6 7. d3 Nge7 8. O-O
O-O 9. Bd2 Bd7 10. h4 h5 11. Kh2 Nd4 12. Rb1 Qc7 13. Ne2 Nxf3+ 14. Bxf3 f5 15.
Ng1 c4 16. Nh3 cxd3 17. cxd3 Rac8 18. Rc1 Qb6 19. Bc3 Bxc3 20. bxc3 Qa5 21. Rf2
Rxc3 22. Qe1 Rfc8 23. exf5 Nxf5 24. Bxb7 1/2-1/2